=LDR 00000nam 2200000 4500 =001 INLIS000000000028955 =005 20200313070214 =035 ##$$a 0010-061300000028955 =008 200313################g##########0#ind## =041 ##$$a Ind =082 ##$$a 297.71 =090 ##$$a 297.71 Muj b =100 1#$$a Mujahidi, M. Ali =245 1#$$a Bingkisan alam Lahut, /$c M. Ali Mujahidi =260 ##$$a Jakarta :$b Al-Huda,$c 2007 =300 ##$$a 317 hlm, ; $c 14 x 21 cm =650 #4$$a Alam Lahut =850 ##$$a NBPNMAT =020 ##$$a 978-979-1193-13-9 =084 ##$$a 297.71 MUJ b =250 ##$$a cet.1 =990 ##$$a 30708842 =990 ##$$a 30708841 =990 ##$$a 30708840